<?xml version="1.0" encoding="UTF-8"?>
<record
    xmlns:xsi="http://www.w3.org/2001/XMLSchema-instance"
    xsi:schemaLocation="http://www.loc.gov/MARC21/slim http://www.loc.gov/standards/marcxml/schema/MARC21slim.xsd"
    xmlns="http://www.loc.gov/MARC21/slim">

  <leader>01033nam a22002057a 4500</leader>
  <datafield tag="952" ind1=" " ind2=" ">
    <subfield code="0">0</subfield>
    <subfield code="1">0</subfield>
    <subfield code="2">lcc</subfield>
    <subfield code="4">0</subfield>
    <subfield code="7">0</subfield>
    <subfield code="a">22</subfield>
    <subfield code="b">17</subfield>
    <subfield code="d">2013-08-26</subfield>
    <subfield code="e">Promotora NARO</subfield>
    <subfield code="l">17</subfield>
    <subfield code="m">4</subfield>
    <subfield code="o">QP355.2 T4518 1973</subfield>
    <subfield code="p">17 001416</subfield>
    <subfield code="r">2025-05-19</subfield>
    <subfield code="s">2025-05-17</subfield>
    <subfield code="t">1</subfield>
    <subfield code="w">2013-08-26</subfield>
    <subfield code="y">LB</subfield>
  </datafield>
  <datafield tag="999" ind1=" " ind2=" ">
    <subfield code="c">90642</subfield>
    <subfield code="d">90642</subfield>
  </datafield>
  <controlfield tag="005">20231102151605.0</controlfield>
  <controlfield tag="008">130826s1973    mx alus| |||| 00| 0 spa d</controlfield>
  <datafield tag="020" ind1=" " ind2=" ">
    <subfield code="a">9789682402463</subfield>
  </datafield>
  <datafield tag="050" ind1="1" ind2="4">
    <subfield code="a">QP355.2</subfield>
    <subfield code="b">T4518 1973</subfield>
  </datafield>
  <datafield tag="100" ind1="1" ind2=" ">
    <subfield code="a">Thompson Richard F.</subfield>
    <subfield code="e">autor </subfield>
  </datafield>
  <datafield tag="245" ind1="1" ind2="0">
    <subfield code="a">Fundamentos de psicolog&#xED;a fisiol&#xF3;gica</subfield>
    <subfield code="c"> / Richard F. Thompson</subfield>
  </datafield>
  <datafield tag="260" ind1=" " ind2=" ">
    <subfield code="a">M&#xE9;xico</subfield>
    <subfield code="b"> : Trillas</subfield>
    <subfield code="c"> , 1973</subfield>
  </datafield>
  <datafield tag="300" ind1=" " ind2=" ">
    <subfield code="a">805 p&#xE1;ginas </subfield>
    <subfield code="b">, gr&#xE1;ficas, cuadros, ilustraciones</subfield>
  </datafield>
  <datafield tag="505" ind1=" " ind2=" ">
    <subfield code="a">Las bases f&#xED;sico-qu&#xED;micas
T&#xE9;cnicas de investigaci&#xF3;n
Neuroanatom&#xED;a b&#xE1;sica
Neuroqu&#xED;mica b&#xE1;sica
El potencial de membrana del nervio
La transmisi&#xF3;n sin&#xE1;ptica
El sistema reticular activador ascendente
La corteza cerebral
El hipot&#xE1;lamo y el sistema l&#xED;mbico
Las bases neuronales del aprendizaje</subfield>
  </datafield>
  <datafield tag="519" ind1=" " ind2=" ">
    <subfield code="a">Educaci&#xF3;n Mixta /</subfield>
    <subfield code="b">Psicolog&#xED;a /</subfield>
    <subfield code="c">Aprendizaje y Memoria (B06-2) /</subfield>
    <subfield code="d">(17 001416)</subfield>
  </datafield>
  <datafield tag="650" ind1=" " ind2="1">
    <subfield code="a">PSICOLOG&#xCD;A </subfield>
  </datafield>
  <datafield tag="650" ind1="2" ind2=" ">
    <subfield code="a">FISIOLOG&#xCD;A</subfield>
  </datafield>
  <datafield tag="942" ind1=" " ind2=" ">
    <subfield code="c">LB</subfield>
  </datafield>
</record>
